Improving DBFOs (Record no. 71921)
[ view plain ]
| 000 -LEADER | |
|---|---|
| fixed length control field | 01150cam a2200205 4500 |
| 001 - CONTROL NUMBER | |
| control field | WB3902-17 |
| 008 - FIXED-LENGTH DATA ELEMENTS--GENERAL INFORMATION | |
| fixed length control field | 030107n2003 000 0 eng u |
| 035 ## - SYSTEM CONTROL NUMBER | |
| System control number | (Sirsi) u121025 |
| 245 ## - TITLE STATEMENT | |
| Title | Improving DBFOs |
| 260 ## - PUBLICATION, DISTRIBUTION, ETC. | |
| Date of publication, distribution, etc. | 2003 |
| 490 ## - SERIES STATEMENT | |
| Series statement | Highways Agency Press Release |
| Volume/sequential designation | 6 January 2003, (2) |
| 520 ## - SUMMARY, ETC. | |
| Summary, etc. | A new consultation document from the Highways Agency asks for industry feedback on the future use of private finance to deliver improved road services. "Improving DBFOs" (Design, Building, Finance and Operate) looks at the Agency's DBFO procurement processes and outlines ideas to speed up delivery of projects, increase flexibility of contracts, and reduce tendering costs. Consultation deadline is 28 February 2003. Consultation paper available at www.highways.gov.uk/roads/dbfo/dbfo_improve_dec_02/index.htm www.nds.coi.gov.uk/coi/coipress.nsf/567e3dc25f61661580256ae8003b4907/a5441328f6efb61980256ca60052fbb9?OpenDocument |
| 590 ## - LOCAL NOTE (RLIN) | |
| Local note | WB |
| 650 ## - SUBJECT ADDED ENTRY--TOPICAL TERM | |
| Topical term or geographic name entry element | DESIGN BUILD FINANCE AND OPERATE SCHEMES |
| 650 ## - SUBJECT ADDED ENTRY--TOPICAL TERM | |
| Topical term or geographic name entry element | PFI |
| 650 ## - SUBJECT ADDED ENTRY--TOPICAL TERM | |
| Topical term or geographic name entry element | HIGHWAYS AGENCY |
| 650 ## - SUBJECT ADDED ENTRY--TOPICAL TERM | |
| Topical term or geographic name entry element | Procurement-old |
| 690 ## - LOCAL SUBJECT ADDED ENTRY--TOPICAL TERM (OCLC, RLIN) | |
| Topical term or geographic name as entry element | TRANSPORT AND COMMUNICATIONS |
| 942 ## - ADDED ENTRY ELEMENTS (KOHA) | |
| Suppress in OPAC | 0 |
| Withdrawn status | Lost status | Source of classification or shelving scheme | Damaged status | Not for loan | Home library | Current library | Shelving location | Date acquired | Total Checkouts | Full call number | Barcode | Date last seen | Copy number | Price effective from | Koha item type |
|---|---|---|---|---|---|---|---|---|---|---|---|---|---|---|---|
| Dewey Decimal Classification | London | London | News article | 15/01/2003 | WB3902-15 | 121025-1001 | 06/08/2019 | 1 | 06/08/2019 | News article |